000 00974aam a2200325 i 4500
001 768714001
003 CO-MdFUSB
005 20250603101150.0
007 ta
008 250529t1996 ck ||||| |||| 00| 0 spa d
020 _a0-7899-0032-7
040 _cCO-MdFUSB
041 0 _aspa
082 0 4 _a248.83
_223
_bD6351c
100 1 _aDobson, James C. (1936-)
_eautor
240 _aDr. Dobson answers your questions : raising children
245 1 0 _aEl Dr. Dobson contesta sus preguntas
_b: Criando niños
_c / James C. Dobson ; traducido por Luis Marauri
264 1 _bUnilit,
_aMiami, FL., USA :
_c[1996]
264 4 _c©1996
300 _a301 páginas
336 _atexto
_btxt
_2rdacontent
337 _2rdamedia
_asin mediación
_bn
338 _2rdacarrier
_avolumen
_bnc
563 _aRústico
650 1 0 _aVida cristiana
_919
650 1 0 _aFamilias
_9292
700 _aMarauri, Luis,
_910143
_etraductor
942 _cBK
945 _aElías Tolentino
999 _c31985
_d31985